Zur Diskussion gestellt : Sachtexte und Belletristik mit Fragen und Ubungen zu den Texten
Αποθηκεύτηκε σε:
| Κύριος συγγραφέας: | |
|---|---|
| Μορφή: | Βιβλίο |
| Γλώσσα: | German |
| Δημοσίευση: |
Munchen :
Hueber,
1989.
|
| Έκδοση: | 2η έκδ. |
| Θέματα: | |
| Ετικέτες: |
Προσθήκη ετικέτας
Δεν υπάρχουν, Καταχωρήστε ετικέτα πρώτοι!
|
MARC
| LEADER | 00000nam a2200000 a 4500 | ||
|---|---|---|---|
| 001 | 1/125531 | ||
| 008 | 221020s1989####gw | ||| |||| ||ger|| | ||
| 020 | |a 3190013241 | ||
| 040 | |a GR-MyUa |b gre |c GR-MyUa |e AACR2 | ||
| 041 | 0 | |a ger | |
| 082 | 7 | |a 430 |2 (23) | |
| 100 | 1 | |a Kormann, Hilmar. | |
| 245 | 1 | 0 | |a Zur Diskussion gestellt : |b Sachtexte und Belletristik mit Fragen und Ubungen zu den Texten / |c Hilmar und Hilde Kormann. |
| 250 | |a 2η έκδ. | ||
| 260 | |a Munchen : |b Hueber, |c 1989. | ||
| 300 | |a 183 σ. : |b εικ. ; |c 21 εκ. | ||
| 650 | 0 | |a German language | |
| 852 | |a INST |b RHODES |e 20221020 |h 430 KOR |p 005400043122 |q 005400043122 |t BK |y 0 | ||
| 970 | |z 20-10-2022 | ||